000 00201 a2200109 4500
020 _a9780590926355
041 _aspa
100 _aPat Mora
245 _aEl Arbol de Pablo
942 _cBK
952 _71
999 _c21139
_d21139